000 01014nam0a22002411 4500
001 rc\2835239
005 20250529201937.0
035 _a(NLR Aleph) 006993025
090 _a5645225
_c5645225
100 _a20110627d1929 |||y0rusy50 ca
101 0 _arus
102 _aRU
105 _ay z |||||
200 1 _aИнформационное письмо
_eО работе Бюро связи окончивших Казанский институт сельского хозяйства и лесоводства
210 _a[Казань]
_cБ. и.
_d[1929]
_eКазань
_gгос. Объед. типо-литогр. Татполиграфа
215 _a5 с.
_d22х14 см
300 _aБез тит. л. и обл.
710 0 2 _aКазанский институт сельского хозяйства и лесоводства
_bБюро связи с окончившими Институт
801 0 _aRU
_bNLR
_gpsbo
801 1 _aRU
_bELAR
_2rusmarc
852 _aNLR
_j81/395
942 _cBOOK
980 _aNB